Gala 7 OT2023 - Estadísticas

Estadísticas generales
  • Esta prueba ha sido intentada 29 veces
  • La puntuación promedio es 5 de 9
Estadísticas de respuestas
Imagen Hint Respuesta % Correcto
Martin Tenía Tanto Que Darte
81%
Juanjo La Nave del Olvido
74%
Chiara The Climb
67%
Cris y Lucas Todo de Ti
67%
Violeta Blue Lights
63%
Naiara y Bea Sweet but Psycho
52%
Álvaro Mayo Please Don't Go
33%
Grupal I Just Can't Get Enough
22%
Paul Thin y Ruslana PTAZETA: BZRP MUSIC SESSIONS, VOL.45
4%
No se encontraron pruebas coincidentes
Distribución de puntuación
Porcentaje de gente con cada puntuación
Porcentaje por número respondido
Historial de tus puntuaciones
No has intentado esta prueba.